000 01077cam a22003137a 4500
003 CHAP
005 20220329141703.0
008 971013s1981 r 00010 d
010 _a72187
011 _a73159
035 _a82716
040 _cCHAP
082 _a333.098
_bG37
100 0 0 _aGarcía, Antonio.
_946771
245 1 3 _aEl nuevo problema agrario de la América Latina
260 _aMéxico, D.F. :
_bUniversidad Nacional Autónoma de México. Instituto de Investigaciones Económicas,
_c1981
300 _a86 p.
590 _aBATCH-UPD
_b10
_c20130110
_lUCH01
_h0022
590 _aBATCH-UPD
_b10
_c20130110
_lUCH01
_h0409
590 _aBATCH-UPD
_b10
_c20130409
_lUCH01
_h2002
590 _aBATCH-UPD
_b10
_c20130410
_lUCH01
_h1539
590 _aBATCH-UPD
_b10
_c20130914
_lUCH01
_h1531
590 _aCONVERSION
_b10
_c20130109
_lUCH01
_h1339
650 1 4 _aReforma agraria
_xAmérica Latina.
_995523
650 1 4 _aTierras
_xTenencia
_xAmérica Latina.
_9113135
901 _aBK
942 _cLIBRO
949 _a333.098 G37
_bBC
_cLIBRO
_d33724000329181
_eLIBRO
_h55542
_i82716
_si
999 _c72187
_d72187